Представление документа в формате RUSMARC

ПолеНазваниеЗначение
  Тип записи a
  Библиографический уровень m
001 Контрольный номер 777d0154cc5445e6b502c6c7c5571a11
005 Дата корректировки 20150923100815.7
010 Индекс ISBN __
a ISBN 978-5-901709-35-1
d Цена 184.00
101 Язык документа 0_
a Язык текста rus
102 Страна публикации __
a Страна публикации RU
200 Заглавие и сведения об ответственности 1_
a Заглавие Кредитная кооперация
b Общее обозначение материала Текст
e Сведения, относящиеся к заглавию учебник
f Первые сведения об ответственности В. М. Старостин
210 Выходные данные 1_
a Место издания М.
c Издательство ООО Издательский дом Центоросоюза
d Дата издания 2014
215 Физическое описание __
a Объем 224 с.
610 Ключевые слова 0_
a Ключевые слова Кооперация
686 Индексы других классификаций __
a Классификационный индекс 65.9(2)421
700 Автор _1
a Фамилия Старостин
b Имя В. М.
801 Источник записи _0
a Страна RU
b Организация РУК
c Дата составления 23.09.2015
g Правила каталогизации PSBO
801 Источник записи _1
a Страна RU
b Организация РУК
c Дата составления 23.09.2015
g Правила каталогизации PSBO
852 Данные о местонахождении __
i Авторский знак С 77
901 Тип документа __
t Тип документа m
937 Технологическая информация __
a Создатель записи (имя) Морозова
938 Служебная информация __
a Название организации Арзамасский филиал
952 Тип литературы __
c Вид литературы учебник